Measured surveys of historic buildings: user requirements and technical progress (Record no. 73078)
[ view plain ]
| 000 -LEADER | |
|---|---|
| fixed length control field | 00971cam a2200229 4500 |
| 001 - CONTROL NUMBER | |
| control field | ABS66872 |
| 008 - FIXED-LENGTH DATA ELEMENTS--GENERAL INFORMATION | |
| fixed length control field | 030721n2003 000 0 eng u |
| 035 ## - SYSTEM CONTROL NUMBER | |
| System control number | (Sirsi) u123070 |
| 100 ## - MAIN ENTRY--PERSONAL NAME | |
| Personal name | Dallas, R. |
| 245 ## - TITLE STATEMENT | |
| Title | Measured surveys of historic buildings: user requirements and technical progress |
| 260 ## - PUBLICATION, DISTRIBUTION, ETC. | |
| Date of publication, distribution, etc. | 2003 |
| 490 ## - SERIES STATEMENT | |
| Series statement | Journal of Architectural Conservation |
| Volume/sequential designation | 9(2) July 2003, 58-81(24) |
| 520 ## - SUMMARY, ETC. | |
| Summary, etc. | Provides an overview of the range of current measured survey techniques, the effect of computers and CAD (computer aided drafting), the applications of measured surveys (including the advantages and disadvantages) and some advice on briefing and commissioning measured survey work. [Taken from journal abstract]. |
| 590 ## - LOCAL NOTE (RLIN) | |
| Local note | ABS |
| 650 ## - SUBJECT ADDED ENTRY--TOPICAL TERM | |
| Topical term or geographic name entry element | CAD |
| 650 ## - SUBJECT ADDED ENTRY--TOPICAL TERM | |
| Topical term or geographic name entry element | COMPUTER-AIDED DRAFTING |
| 650 ## - SUBJECT ADDED ENTRY--TOPICAL TERM | |
| Topical term or geographic name entry element | MEASURED SURVEYS |
| 650 ## - SUBJECT ADDED ENTRY--TOPICAL TERM | |
| Topical term or geographic name entry element | HISTORIC BUILDINGS |
| 650 ## - SUBJECT ADDED ENTRY--TOPICAL TERM | |
| Topical term or geographic name entry element | MEASURING PRACTICE |
| 690 ## - LOCAL SUBJECT ADDED ENTRY--TOPICAL TERM (OCLC, RLIN) | |
| Topical term or geographic name as entry element | BUILT ENVIRONMENT-BUILDING INSPECTION |
| 942 ## - ADDED ENTRY ELEMENTS (KOHA) | |
| Suppress in OPAC | 0 |
| Withdrawn status | Lost status | Source of classification or shelving scheme | Damaged status | Not for loan | Home library | Current library | Shelving location | Date acquired | Total Checkouts | Full call number | Barcode | Date last seen | Copy number | Price effective from | Koha item type |
|---|---|---|---|---|---|---|---|---|---|---|---|---|---|---|---|
| Dewey Decimal Classification | London | London | Journal article | 21/07/2003 | ABS66872 | 123070-1001 | 06/08/2019 | 1 | 06/08/2019 | Journal article |